[Event "Bolkhov"]
[Site "Bolkhov"]
[Date "2017.10.06"]
[Round "13"]
[White "Rafili, Said"]
[Black "Agasieva, Fidan"]
[Result "1/2-1/2"]
[WhiteElo "2207"]
[BlackElo "2039"]
[PlyCount "108"]
[EventDate "2017.09.30"]
[EventType "tourn"]
[EventRounds "13"]
[EventCountry "RUS"]
[SourceTitle "CBM 181 Extra"]
[Source "ChessBase"]
[SourceDate "2017.12.12"]
[SourceVersion "1"]
[SourceVersionDate "2017.12.12"]
[SourceQuality "1"]

1. e4 e5 2. Nf3 Nc6 3. Nc3 Nf6 4. Bb5 Nd4 5. Bc4 Bc5 6. Nxe5 Qe7 7. Nxf7 Rf8 8. 0-0 Rxf7 9. Bxf7+ Qxf7 10. e5 Nh5 11. Ne4 Nf4 12. d3 Nde2+ 13. Kh1 b6 14. Be3 Bb7 15. Qd2 0-0-0 16. Rae1 Qf5 17. Rxe2 Nxg2 18. Qd1 Nxe3 19. fxe3 Qxe5 20. c3 Bxe4+ 21. dxe4 Qxe4+ 22. Rg2 Bxe3 23. Qf3 Qxf3 24. Rxf3 Bh6 25. Rgf2 Kb7 26. Rf8 Rxf8 27. Rxf8 Bc1 28. b3 Bb2 29. c4 Kc6 30. Kg2 Kc5 31. Rf7 Kc6 32. Kf3 Kd6 33. Ke4 Kc6 34. h4 Bc3 35. h5 a5 36. Rf3 Bb2 37. Kf5 Bd4 38. Rf4 Bc3 39. Re4 Bb2 40. Re8 Bc3 41. Kg5 Bd4 42. Rh8 h6+ 43. Kg6 Bc3 44. Rg8 d5 45. cxd5+ Kxd5 46. Rxg7 Bxg7 47. Kxg7 Ke6 48. Kxh6 Kf6 49. a4 c6 50. Kh7 b5 51. h6 Kf7 52. Kh8 bxa4 53. bxa4 c5 54. h7 Kf8 1/2-1/2

[Event "Bolkhov"]
[Site "Bolkhov"]
[Date "2017.10.04"]
[Round "8"]
[White "Moiseev, Viktor"]
[Black "Rafili, Said"]
[Result "1/2-1/2"]
[WhiteElo "2405"]
[BlackElo "2207"]
[PlyCount "76"]
[EventDate "2017.09.30"]
[EventType "tourn"]
[EventRounds "13"]
[EventCountry "RUS"]
[SourceTitle "CBM 181 Extra"]
[Source "ChessBase"]
[SourceDate "2017.12.12"]
[SourceVersion "1"]
[SourceVersionDate "2017.12.12"]
[SourceQuality "1"]

1. e4 c6 2. d4 d5 3. Nc3 dxe4 4. Nxe4 Nd7 5. Nf3 Ngf6 6. Ng3 e6 7. Bd3 c5 8. 0-0 cxd4 9. Nxd4 Bc5 10. Nb3 Be7 11. Qe2 0-0 12. Bg5 b6 13. Rad1 Qc7 14. Nf5 exf5 15. Qxe7 Re8 16. Qb4 Ne4 17. Bxe4 fxe4 18. Qa4 Qxc2 19. Rxd7 Bxd7 20. Qxd7 Qxb2 21. Nd4 Qxa2 22. h3 a5 23. Qg4 f6 24. Bxf6 Qf7 25. Bh4 a4 26. Nf5 h5 27. Qg5 Re6 28. Rd1 a3 29. Nd6 Rxd6 30. Rxd6 a2 31. Rd8+ Rxd8 32. Qxd8+ Kh7 33. Qd1 e3 34. fxe3 Qf5 35. Kh2 Qe5+ 36. Bg3 a1Q 37. Qd3+ g6 38. Bxe5 Qxe5+ 1/2-1/2

[Event "Bolkhov"]
[Site "Bolkhov"]
[Date "2017.10.03"]
[Round "7"]
[White "Rafili, Said"]
[Black "Apryshko, Gleb"]
[Result "1/2-1/2"]
[WhiteElo "2207"]
[BlackElo "2371"]
[PlyCount "89"]
[EventDate "2017.09.30"]
[EventType "tourn"]
[EventRounds "13"]
[EventCountry "RUS"]
[SourceTitle "CBM 181 Extra"]
[Source "ChessBase"]
[SourceDate "2017.12.12"]
[SourceVersion "1"]
[SourceVersionDate "2017.12.12"]
[SourceQuality "1"]

1. e4 e5 2. Nf3 Nc6 3. Bc4 Nf6 4. Ng5 d5 5. exd5 Na5 6. Bb5+ c6 7. dxc6 bxc6 8. Qf3 Be7 9. 0-0 0-0 10. Ba4 Nd7 11. Nxh7 Kxh7 12. b4 Nb7 13. Bxc6 Rb8 14. Nc3 Nf6 15. a3 Bg4 16. Qg3 Be6 17. Qxe5 Bd6 18. Qe2 Bxh2+ 19. Kxh2 Qc7+ 20. Kg1 Qxc6 21. Qe3 Nd6 22. Qxa7 Rfd8 23. Qc5 Qb7 24. d3 Rbc8 25. Qe5 Ng4 26. Qh5+ Kg8 27. Bb2 Ne8 28. Rfe1 Nef6 29. Qh4 Rd7 30. Re2 Rdc7 31. Ne4 Rxc2 32. Nxf6+ Nxf6 33. Rxc2 Rxc2 34. Bxf6 gxf6 35. Qxf6 Qd5 36. a4 Qxd3 37. a5 Rc4 38. a6 Rg4 39. a7 Rxg2+ 40. Kxg2 Qh3+ 41. Kg1 Qg4+ 42. Kh2 Qh3+ 43. Kg1 Qg4+ 44. Kh2 Qh3+ 45. Kg1 1/2-1/2

[Event "Bolkhov"]
[Site "Bolkhov"]
[Date "2017.10.02"]
[Round "4"]
[White "Rafili, Said"]
[Black "Kurilin, Alexander"]
[Result "1-0"]
[WhiteElo "2207"]
[BlackElo "2278"]
[PlyCount "81"]
[EventDate "2017.09.30"]
[EventType "tourn"]
[EventRounds "13"]
[EventCountry "RUS"]
[SourceTitle "CBM 181 Extra"]
[Source "ChessBase"]
[SourceDate "2017.12.12"]
[SourceVersion "1"]
[SourceVersionDate "2017.12.12"]
[SourceQuality "1"]

1. d4 Nf6 2. c4 g6 3. Nc3 d5 4. Nf3 Bg7 5. Qb3 dxc4 6. Qxc4 0-0 7. e4 a6 8. e5 b5 9. Qb3 Nfd7 10. h4 c5 11. e6 c4 12. exf7+ Rxf7 13. Qd1 Bb7 14. Ng5 Rf5 15. Ne6 Qb6 16. Nxg7 Kxg7 17. h5 g5 18. Be2 Bxg2 19. Rg1 Qc6 20. d5 Bxd5 21. Bxg5 Kf7 22. Nxd5 Rxd5 23. Qc2 Nf8 24. Kf1 Qd7 25. Bg4 Qd6 26. Bf3 Nc6 27. Re1 Rd8 28. Qe4 Rd7 29. Rg3 Ke8 30. b3 cxb3 31. axb3 a5 32. h6 b4 33. Bf4 Qc5 34. Rc1 Qb5+ 35. Kg2 Nd8 36. Rg8 Rf5 37. Rc8 Rf7 38. Bc7 Qa6 39. Ra8 Qxh6 40. Bxd8 Rxd8 41. Qc6+ 1-0

[Event "Bolkhov"]
[Site "Bolkhov"]
[Date "2017.10.01"]
[Round "3"]
[White "Gorskiy, Alexander"]
[Black "Rafili, Said"]
[Result "0-1"]
[WhiteElo "1708"]
[BlackElo "2207"]
[PlyCount "104"]
[EventDate "2017.09.30"]
[EventType "tourn"]
[EventRounds "13"]
[EventCountry "RUS"]
[SourceTitle "CBM 181 Extra"]
[Source "ChessBase"]
[SourceDate "2017.12.12"]
[SourceVersion "1"]
[SourceVersionDate "2017.12.12"]
[SourceQuality "1"]

1. e4 c6 2. d4 d5 3. e5 Bf5 4. Nc3 e6 5. g4 Bg6 6. Nge2 c5 7. h4 h5 8. Nf4 Bh7 9. g5 cxd4 10. Nb5 Be4 11. f3 Bf5 12. Nxd4 Ne7 13. Bb5+ Nd7 14. Kf2 g6 15. b3 Nc6 16. Bxc6 bxc6 17. Nxf5 gxf5 18. Nd3 Qc7 19. f4 Rd8 20. Qf3 Be7 21. Be3 c5 22. c4 d4 23. Bd2 Nf8 24. Rag1 Ng6 25. Ke2 Qb6 26. Kd1 Qa6 27. Nc1 Kf8 28. Kc2 Kg7 29. Kb2 Rb8 30. Ka1 Qc8 31. Ne2 a5 32. Ng3 a4 33. bxa4 Qd7 34. Nxh5+ Rxh5 35. Qxh5 d3 36. Bc3 Qxa4 37. Rb1 Rxb1+ 38. Rxb1 Qxc4 39. Bb2 Qxf4 40. Qh6+ Kg8 41. Qh5 d2 42. Qe2 Nxh4 43. Rd1 Nf3 44. Bc3 Bxg5 45. Kb2 Qg3 46. Qd3 Qf2 47. a4 Kg7 48. a5 Ne1 49. Qd7 c4 50. Bxd2 c3+ 51. Kxc3 Qc5+ 52. Kb3 Qc2+ 0-1

[Event "Poti Aleksandria Cup 11th"]
[Site "Poti"]
[Date "2016.07.15"]
[Round "3"]
[White "Ibrahimli, Murad Sultanali"]
[Black "Rafili, Said"]
[Result "1-0"]
[WhiteElo "2209"]
[BlackElo "2030"]
[PlyCount "107"]
[EventDate "2016.07.13"]
[EventType "swiss"]
[EventRounds "9"]
[EventCountry "GEO"]
[SourceTitle "CBM 173 Extra"]
[Source "ChessBase"]
[SourceDate "2016.08.29"]
[SourceVersion "1"]
[SourceVersionDate "2016.08.29"]
[SourceQuality "1"]

1. d4 e6 2. c4 d5 3. Nc3 Bb4 4. e3 Nf6 5. Bd3 0-0 6. Nge2 b6 7. 0-0 Bb7 8. a3 Be7 9. b4 dxc4 10. Bxc4 Nbd7 11. Qb3 Rb8 12. Rd1 c5 13. Bb2 Qc7 14. f3 a6 15. dxc5 bxc5 16. b5 Nd5 17. Bxd5 Bxd5 18. Nxd5 exd5 19. Qxd5 Nf6 20. Qf5 Rxb5 21. Be5 Qc8 22. Qxc8 Rxc8 23. Nc3 Rb3 24. Rdb1 c4 25. Rxb3 cxb3 26. Rb1 Nd7 27. Bd4 Rb8 28. a4 Bf6 29. Kf2 Rb4 30. Nd5 Rxa4 31. Nxf6+ gxf6 32. Rxb3 Ra2+ 33. Kg3 Kg7 34. Rb7 Ne5 35. Rb6 Rc2 36. Rxa6 Nc6 37. Ba1 Kg6 38. Ra8 Ne7 39. e4 f5 40. Re8 Rc7 41. e5 Nd5 42. e6 fxe6 43. Rxe6+ Kf7 44. Rd6 Rc5 45. Bd4 Rb5 46. h4 Ne7 47. Rf6+ Kg8 48. Be3 Kg7 49. Ra6 Ng6 50. Ra7+ Kg8 51. Bh6 f4+ 52. Bxf4 Rb4 53. Bg5 h6 54. Bf6 1-0

[Event "EU School-ch U17"]
[Site "Kallithea"]
[Date "2016.06.21"]
[Round "5"]
[White "Rafili, Said"]
[Black "Erdogan, Anil Berk"]
[Result "0-1"]
[WhiteElo "2030"]
[BlackElo "1932"]
[PlyCount "112"]
[EventDate "2016.06.17"]
[EventType "swiss"]
[EventRounds "9"]
[EventCountry "GRE"]
[SourceTitle "EXT 2017"]
[Source "ChessBase"]
[SourceDate "2016.10.25"]
[SourceVersion "1"]
[SourceVersionDate "2016.10.25"]
[SourceQuality "1"]

1. e4 c5 2. c3 d5 3. exd5 Qxd5 4. d4 g6 5. Na3 Bg7 6. Be3 cxd4 7. Nb5 Qd8 8. Bxd4 Bxd4 9. Nxd4 Nf6 10. Ngf3 Qb6 11. Qb3 Nbd7 12. Bc4 0-0 13. 0-0 a6 14. a4 Qxb3 15. Bxb3 b6 16. Rfe1 e6 17. Bc2 Bb7 18. Rad1 Rfe8 19. Ne5 Nxe5 20. Rxe5 Rad8 21. f3 Kf8 22. Kf2 Nd7 23. Ree1 Bd5 24. b3 Nb8 25. c4 Bb7 26. f4 Rd7 27. b4 Rc8 28. Bb3 Rcd8 29. Ne2 Nc6 30. b5 Na5 31. Rxd7 Rxd7 32. Ba2 Rd2 33. Ra1 axb5 34. cxb5 Bxg2 35. Ke3 Rb2 36. Nc3 Bh3 37. Ne4 Bf5 38. Nd6 Bc2 39. Kd4 Bxa4 40. Bxe6 Bxb5 41. Kc3 Rxh2 42. Nxf7 Rf2 43. Rb1 Be8 44. Nd6 Rf3+ 45. Kd4 Rxf4+ 46. Ke5 Rf2 47. Nxe8 Kxe8 48. Rxb6 Ke7 49. Bd5 Rf5+ 50. Ke4 Rf6 51. Rb8 h5 52. Rc8 Kd7 53. Rg8 Nc6 54. Rg7+ Ne7 55. Bf7 Nf5 56. Rh7 Nd6+ 0-1

[Event "EU School-ch U17"]
[Site "Kallithea"]
[Date "2016.06.20"]
[Round "4"]
[White "Ayazmali, Gizem"]
[Black "Rafili, Said"]
[Result "0-1"]
[WhiteElo "1909"]
[BlackElo "2030"]
[PlyCount "103"]
[EventDate "2016.06.17"]
[EventType "swiss"]
[EventRounds "9"]
[EventCountry "GRE"]
[SourceTitle "EXT 2017"]
[Source "ChessBase"]
[SourceDate "2016.10.25"]
[SourceVersion "1"]
[SourceVersionDate "2016.10.25"]
[SourceQuality "1"]

1. e4 e6 2. d4 d5 3. Nd2 Nf6 4. e5 Nfd7 5. Bd3 c5 6. c3 Nc6 7. Ne2 cxd4 8. cxd4 f6 9. exf6 Nxf6 10. 0-0 Bd6 11. Nf3 0-0 12. Bg5 Qc7 13. Ng3 Bd7 14. Rc1 Be8 15. Re1 h6 16. Bxf6 Rxf6 17. Ne5 Bxe5 18. dxe5 Rf4 19. Ne2 Rf8 20. Ng3 Qb6 21. Qd2 Qb4 22. Qe2 Qf4 23. Nf1 a6 24. Bb1 Nd4 25. Qe3 Qxe3 26. Nxe3 Nc6 27. f3 Nxe5 28. Nxd5 Nxf3+ 29. gxf3 exd5 30. Re7 Bc6 31. Kf2 Rf7 32. Bh7+ Kf8 33. Re5 Re7 34. Rf5+ Rf7 35. Re5 Re7 36. Rf5+ Ke8 37. h4 Kd7 38. Bg6 Kd6 39. Rf4 Bd7 40. Rd4 Bc6 41. Rcd1 Rd8 42. R1d2 Kc5 43. Kg3 Rd6 44. Bc2 Rde6 45. b4+ Kb6 46. Bb3 Re2 47. Rd1 Rb2 48. Rg4 Rbe2 49. a4 d4 50. Rgxd4 R2e3 51. Bd5 Bxa4 52. Be4 0-1

[Event "EU School-ch U17"]
[Site "Kallithea"]
[Date "2016.06.19"]
[Round "3"]
[White "Rafili, Said"]
[Black "Uruci, Endrit"]
[Result "1-0"]
[WhiteElo "2030"]
[BlackElo "2016"]
[PlyCount "77"]
[EventDate "2016.06.17"]
[EventType "swiss"]
[EventRounds "9"]
[EventCountry "GRE"]
[SourceTitle "EXT 2017"]
[Source "ChessBase"]
[SourceDate "2016.10.25"]
[SourceVersion "1"]
[SourceVersionDate "2016.10.25"]
[SourceQuality "1"]

1. d4 Nf6 2. Nf3 g6 3. c4 Bg7 4. Nc3 d5 5. Bf4 c6 6. e3 0-0 7. h3 Nbd7 8. cxd5 Nxd5 9. Nxd5 cxd5 10. Be2 Nf6 11. 0-0 Qb6 12. Qb3 Qxb3 13. axb3 Bf5 14. Rfc1 Rfc8 15. Rxc8+ Bxc8 16. b4 b6 17. Ne5 Nh5 18. Bh2 Bxe5 19. Bxe5 f6 20. Bc7 Kf7 21. Bxb6 a6 22. b5 Rb8 23. Bc7 Rxb5 24. Bxb5 axb5 25. Ra7 Ke6 26. Bd8 Bd7 27. Bb6 Ng7 28. Bc5 Ne8 29. f3 f5 30. Kf2 Nd6 31. Ra6 g5 32. Bxd6 exd6 33. f4 h6 34. Kg3 Be8 35. Ra8 Ke7 36. Rb8 Bc6 37. Rh8 gxf4+ 38. Kxf4 Bd7 39. Rh7+ 1-0

[Event "EU School-ch U17"]
[Site "Kallithea"]
[Date "2016.06.18"]
[Round "2"]
[White "Sevgi, Volkan"]
[Black "Rafili, Said"]
[Result "1-0"]
[WhiteElo "2256"]
[BlackElo "2030"]
[PlyCount "73"]
[EventDate "2016.06.17"]
[EventType "swiss"]
[EventRounds "9"]
[EventCountry "GRE"]
[SourceTitle "EXT 2017"]
[Source "ChessBase"]
[SourceDate "2016.10.25"]
[SourceVersion "1"]
[SourceVersionDate "2016.10.25"]
[SourceQuality "1"]

1. e4 Nf6 2. e5 Nd5 3. c4 Nb6 4. d4 d6 5. exd6 cxd6 6. Nc3 g6 7. Be3 Bg7 8. Rc1 0-0 9. b3 Bf5 10. Nf3 d5 11. c5 Nc8 12. Qd2 Nc6 13. Bb5 e6 14. 0-0 N8e7 15. h3 h5 16. Rfd1 f6 17. Be2 g5 18. Nb5 Nc8 19. h4 g4 20. Ne1 a6 21. Nc3 N8e7 22. Na4 Qe8 23. Nb6 Rd8 24. b4 e5 25. a4 Nxd4 26. Bxd4 exd4 27. b5 axb5 28. axb5 Ng6 29. c6 Rd6 30. Nxd5 Ne5 31. cxb7 Rxd5 32. Rc8 Bxc8 33. b8Q Qe7 34. b6 Ba6 35. Qa7 Bb7 36. Qda2 Ra8 37. Ba6 1-0

[Event "Tula Efremenkov Memorial"]
[Site "Tula"]
[Date "2015.01.14"]
[Round "1"]
[White "Zhavoronkov, Evgeny"]
[Black "Rafili, Said"]
[Result "1/2-1/2"]
[WhiteElo "2251"]
[BlackElo "1823"]
[PlyCount "60"]
[EventDate "2015.01.14"]
[EventType "tourn"]
[EventRounds "13"]
[EventCountry "RUS"]
[EventCategory "2"]
[SourceTitle "CBM 164 Extra"]
[Source "ChessBase"]
[SourceDate "2015.03.02"]
[SourceVersion "1"]
[SourceVersionDate "2015.03.02"]
[SourceQuality "1"]

1. e4 e5 2. Nf3 Nc6 3. d3 Nf6 4. c3 d5 5. Nbd2 Be7 6. Qc2 0-0 7. Be2 Be6 8. 0-0 Qd7 9. b4 a6 10. a3 h6 11. Rd1 Rfd8 12. h3 Nh7 13. Nf1 Ng5 14. Nxg5 Bxg5 15. Bxg5 hxg5 16. exd5 Bxd5 17. Ne3 Be6 18. Bg4 Bxg4 19. Nxg4 Qe6 20. Re1 Qd5 21. Rad1 Rd7 22. Ne3 Qe6 23. Ng4 Qd5 24. a4 Rad8 25. Ne3 Qe6 26. b5 axb5 27. axb5 Ne7 28. Ng4 Ng6 29. d4 Rd5 30. Rb1 Qd7 1/2-1/2

[Event "EU-ch U14 24th"]
[Site "Batumi"]
[Date "2014.10.23"]
[Round "5"]
[White "Rafili, Said"]
[Black "Kokaia, Guram"]
[Result "0-1"]
[WhiteElo "1628"]
[BlackElo "1899"]
[PlyCount "68"]
[EventDate "2014.10.19"]
[EventType "swiss"]
[EventRounds "9"]
[EventCountry "GEO"]
[SourceTitle "EXT 2015"]
[Source "ChessBase"]
[SourceDate "2014.11.20"]
[SourceVersion "1"]
[SourceVersionDate "2014.11.20"]
[SourceQuality "1"]

1. d4 d5 2. Nf3 Nf6 3. c4 c6 4. e3 e6 5. Nbd2 Bd6 6. b3 Nbd7 7. Bb2 Qe7 8. Bd3 e5 9. dxe5 Nxe5 10. Bxe5 Bxe5 11. Nxe5 Qxe5 12. 0-0 Bg4 13. Qc2 0-0-0 14. a4 d4 15. e4 Nh5 16. c5 Nf4 17. f3 Be6 18. Kh1 Qg5 19. g3 Nxd3 20. Qxd3 Qe3 21. Qc2 d3 22. Qc3 Bh3 23. Rg1 g5 24. a5 a6 25. Rad1 Qe2 26. Rb1 Rhe8 27. Qc1 g4 28. fxg4 Rxe4 29. Qd1 Bxg4 30. Re1 Qxd1 31. Rbxd1 Re2 32. Nc4 Bf3+ 33. Kg1 Rg2+ 34. Kf1 Rxh2 0-1

[Event "Wch U14"]
[Site "Al Ain"]
[Date "2013.12.28"]
[Round "11"]
[White "Lau, Jason"]
[Black "Rafili, Said"]
[Result "1/2-1/2"]
[WhiteElo "1888"]
[BlackElo "1611"]
[PlyCount "65"]
[EventDate "2013.12.18"]
[EventType "swiss"]
[EventRounds "11"]
[EventCountry "UAE"]
[SourceTitle "CBM 158 Extra"]
[Source "ChessBase"]
[SourceDate "2014.02.28"]
[SourceVersion "1"]
[SourceVersionDate "2014.02.28"]
[SourceQuality "1"]

1. e4 c6 2. d4 d5 3. e5 c5 4. dxc5 Nc6 5. Bb5 Bf5 6. Nf3 e6 7. Be3 Nge7 8. c3 a5 9. 0-0 Ng6 10. Bd4 Be7 11. Nbd2 0-0 12. Re1 Qc7 13. h3 Nf4 14. Nf1 Na7 15. Be2 Bxc5 16. Ng3 Bg6 17. Bf1 h6 18. Nh2 Bh7 19. h4 Ng6 20. h5 Nh4 21. Bd3 Bxd4 22. Bxh7+ Kxh7 23. Qxd4 Qe7 24. f4 Nc6 25. Qd3+ Kh8 26. Ng4 Rad8 27. a3 d4 28. c4 Qd7 29. Nf2 Ne7 30. Nfe4 Nef5 31. Nxf5 Nxf5 32. Rad1 Qe7 33. g3 1/2-1/2

[Event "World School-ch U13 9th"]
[Site "Porto Carras"]
[Date "2013.05.07"]
[Round "1"]
[White "Rafili, Said"]
[Black "Sorokin, Aleksey"]
[Result "0-1"]
[WhiteElo "1698"]
[BlackElo "2085"]
[PlyCount "78"]
[EventDate "2013.05.07"]
[EventType "swiss"]
[EventRounds "9"]
[EventCountry "GRE"]
[SourceTitle "CBM 154 Extra"]
[Source "ChessBase"]
[SourceDate "2013.06.25"]
[SourceVersion "2"]
[SourceVersionDate "2013.06.25"]
[SourceQuality "1"]

1. d4 d5 2. Nf3 Nf6 3. c4 c6 4. Nc3 e6 5. Bf4 dxc4 6. a4 Nbd7 7. e4 Bb4 8. Qc2 b5 9. Be2 Bb7 10. 0-0 0-0 11. Bg5 Bxc3 12. bxc3 Qc7 13. Bc1 e5 14. Rd1 Rfe8 15. dxe5 Nxe5 16. Nxe5 Qxe5 17. f3 a6 18. Be3 c5 19. Bf2 Rad8 20. Rdb1 Nxe4 21. Be1 Nf6 22. Bxc4 Bxf3 23. axb5 Be4 24. Qb3 Bxb1 25. Rxb1 Ng4 26. Bg3 Qe3+ 27. Kh1 Nf2+ 28. Bxf2 Qxf2 29. h3 axb5 30. Qxb5 Re1+ 31. Rxe1 Qxe1+ 32. Kh2 Qe5+ 33. Kg1 h6 34. Qb3 Qe3+ 35. Kh2 Qf4+ 36. Kg1 Rd2 37. Bd5 Qe3+ 38. Kh2 Qe5+ 39. Kg1 Qxd5 0-1